|
|
|
|
| LEADER |
00000nam0a2200000 4500 |
| 001 |
335009 |
| 005 |
20231102004718.0 |
| 035 |
|
|
|a (RuTPU)RU\TPU\book\361332
|
| 090 |
|
|
|a 335009
|
| 100 |
|
|
|a 20170912d1965 k y0rusy50 ca
|
| 101 |
0 |
|
|a rus
|
| 102 |
|
|
|a RU
|
| 105 |
|
|
|a a z 001zy
|
| 200 |
1 |
|
|a Петрология Когтахского габбро-монцонит-сиенитового комплекса (Кузнецкий Алатау)
|f С. Л. Халфин
|g Академия наук СССР (АН СССР), Сибирское отделение (СО), Институт геологии и геофизики (ИГиГ) ; под ред. В. Н. Довгаля
|
| 210 |
|
|
|a Новосибирск
|c Наука
|d 1965
|
| 215 |
|
|
|a 93 с.
|c ил.
|
| 316 |
|
|
|5 63413507: ШкА2/533
|a На титульном листе дарственная надпись: "В Научно-техническую библиотеку Томского политехнического института"
|
| 320 |
|
|
|a Библиогр.: с. 88-91
|
| 606 |
1 |
|
|a Горные породы, интрузивные
|2 stltpush
|3 (RuTPU)RU\TPU\subj\8116
|9 35602
|
| 610 |
1 |
|
|a геология
|
| 610 |
1 |
|
|a магматизм
|
| 610 |
1 |
|
|a сиениты
|
| 610 |
1 |
|
|a интрузивные массивы
|
| 610 |
1 |
|
|a морфология
|
| 610 |
1 |
|
|a петрография
|
| 610 |
1 |
|
|a автометаморфизм
|
| 610 |
1 |
|
|a метаморфизм
|
| 610 |
1 |
|
|a шпинелевые залежи
|
| 610 |
1 |
|
|a лампрофиры
|
| 610 |
1 |
|
|a порфириты
|
| 610 |
1 |
|
|a характеристики
|
| 610 |
1 |
|
|a классификация
|
| 610 |
1 |
|
|a петрохимия
|
| 610 |
1 |
|
|a коллекция ТПУ
|
| 610 |
1 |
|
|a дарственные надписи
|
| 610 |
1 |
|
|a дары автора
|
| 610 |
1 |
|
|a дары библиотеке
|
| 675 |
|
|
|a 552.311
|v 4
|
| 700 |
|
1 |
|a Халфин
|b С. Л.
|
| 702 |
|
1 |
|a Довгаль
|b В. Н.
|4 340
|
| 712 |
0 |
2 |
|a Академия наук СССР (АН СССР)
|b Сибирское отделение (СО)
|b Институт геологии и геофизики (ИГиГ)
|c (Новосибирск)
|2 stltpush
|3 (RuTPU)RU\TPU\col\128
|
| 801 |
|
1 |
|a RU
|b 63413507
|c 20170912
|
| 801 |
|
2 |
|a RU
|b 63413507
|c 20200716
|g RCR
|
| 942 |
|
|
|c BK
|